Personnalités de la Seconde Guerre Mondiale-Mort Subite - Statistiques

Statistiques générales
  • Ce quiz a été pris 1 038 fois
  • Le résultat moyen est 5 sur 12
Answers on the Grid
Answers color-coded by a green-red scale on the quiz's grid according to % correct below.
Winston Churchill
Franklin D. Roosevelt
Raymond Poincaré
Emmanuel Macron
Manfred Von Richthofen
Erich Von Manstein
Ronald Reagan
George Patton
MacArthur
Adolf Hitler
Ferdinand Foch
Eva Braun
Charles De Gaulle
Maurice Gamelin
Ludwig von Wart
Rosa Luxembourg
Karl Liebknecht
Miklos Horty
Napoléon IV
Boris III
Boris II
Bernard Montgomery
 
Statistiques - réponses
Réponse % Correct
Winston Churchill
94%
Adolf Hitler
85%
Franklin D. Roosevelt
85%
Charles De Gaulle
80%
Eva Braun
38%
MacArthur
35%
Bernard Montgomery
31%
George Patton
29%
Maurice Gamelin
16%
Erich Von Manstein
15%
Boris III
6%
Miklos Horty
6%
Aucun quiz correspondant
Distribution des résultats
% des personnes avec chaque résultat
Percentile par nombre de réponses
Votre historique - résultats
Vous n’avez pas pris ce quiz